| 000 | 00450nab a2200145Ia 4500 | ||
|---|---|---|---|
| 003 | ES-SlBCS | ||
| 005 | 20210601131500.0 | ||
| 008 | 140529s1960 xxu||||| |||| 00| 0 fre d | ||
| 041 | _afre | ||
| 100 | 1 |
_aLadrière, Jean _98736 |
|
| 245 | 0 | 0 |
_aHistoire et Destinée _c Jean Ladrière |
| 650 | 0 | 4 |
_aHistoria-Destino _9173354 |
| 773 | 0 |
_tRevue Philosophique de Louvain (Antes, Revue Néo-Scolostique _gvol. 58, 1960, págs. 103-134 _wRev378 |
|
| 942 | _cAR | ||
| 999 |
_c563814 _d563814 |
||